| 000 | 00985cab a2200205 4500 | ||
|---|---|---|---|
| 001 | ##L134123 | ||
| 008 | 060712n2006 000 0 eng u | ||
| 035 | _a(Sirsi) u134123 | ||
| 041 | 0 | _aeng | |
| 100 | 1 | _aMiller, Keith | |
| 245 | 0 | 0 | _aTrouble's brewing |
| 260 | _c2006 | ||
| 490 | 0 |
_aEstates Gazette _v(0627) 8 July 2006, 224-226(2) |
|
| 520 | _aLooks at the problems caused to developers and buyers by the licensing changes that came into force in 2005. Examines the flaws in the new licensing procedures that are causing applicants for licenses to be left in a state of uncertainty until the result of the application is received in the post, and a large proportion of premises licenses to be deficient through applicant error or council mistakes. | ||
| 590 | _aIKA180706 | ||
| 650 | 2 | 4 | _aLICENSING ACT 2003 |
| 651 | 4 |
_aEngland and Wales _y1543- |
|
| 690 | _aPROPERTY-COMMERCIAL PROPERTY-LEISURE PROPERTY-REFRESHMENT AND CULINARY PROPERTY-LICENSED PROPERTY | ||
| 942 | _n0 | ||
| 999 |
_c77381 _d77381 |
||